Development, Social Change and Environmental Sustainability (Record no. 31650)
[ view plain ]
| 000 -LEADER | |
|---|---|
| fixed length control field | 00676nam a2200121Ia 4500 |
| 008 - FIXED-LENGTH DATA ELEMENTS--GENERAL INFORMATION | |
| fixed length control field | 220620s9999||||xx |||||||||||||| ||und|| |
| 245 #0 - TITLE STATEMENT | |
| Title | Development, Social Change and Environmental Sustainability |
| Remainder of title | Proceedings of the International Conference on Contemporary Sociology and Educational Transformation (ICCSET 2020), Malang, Indonesia, 23 September 2020 |
| 546 ## - LANGUAGE NOTE | |
| Language note | English[eng] |
| 650 ## - SUBJECT ADDED ENTRY--TOPICAL TERM | |
| Topical term or geographic name entry element | contemporary sociology;social sciences |
| 700 ## - ADDED ENTRY--PERSONAL NAME | |
| Personal name | Sumarmi, Nanda Harda Pratama Meiji||Purwasih, Joan Hesti Gita||Kodir, Abdul||Andriesse, Edo||Dorina Camelia, Ilies||Miichi, Ken |
| 856 ## - ELECTRONIC LOCATION AND ACCESS | |
| Uniform Resource Identifier | <a href="https://library.oapen.org/bitstream/20.500.12657/49616/1/9781000433715.pdf">https://library.oapen.org/bitstream/20.500.12657/49616/1/9781000433715.pdf</a> |
| 942 ## - ADDED ENTRY ELEMENTS (KOHA) | |
| Koha item type | E-Books |
| Withdrawn status | Lost status | Damaged status | Not for loan | Home library | Current library | Date acquired | Total Checkouts | Date last seen | Price effective from | Koha item type |
|---|---|---|---|---|---|---|---|---|---|---|
| Kerala University of Digital Sciences, Innovation and Technology Knowledge Centre | Kerala University of Digital Sciences, Innovation and Technology Knowledge Centre | 20/06/2022 | 20/06/2022 | 20/06/2022 | E-Books |